01324nam a2200217 a 4500008004100000020001500041050001400056100001400070245002800084260004500112350000900157650001600166650005800182995016100240995014700401995016200548999001700710952012900727952012100856952012900977120416s1997 ||||||||||||||||| || u a8171694365 aGF 26 Rao aRao, V. K10aEnvironmental education aNew DelhibCommomwealth publishersc1997 a0.00 aENVIRONMENT aENVIRONMENTAL EDUCATION--AFRICA, SOUTHERN--CONGRESSES aMAIN LIBRARY OPEN ACCESSD0.00e733153FCBU-MAIN LIBRARY (Kitwe)H2I50.00jGF 26 RaoM2UAVAILABLEWMay 3, 2007y44807ZMain Library Open Access Collection aANNEX COLLECTION (Main Library)D0.00e733155FCBU-MAIN LIBRARY (Kitwe)H3I50.00jGF 26 RaoM3UAVAILABLEy44803ZAnnex Low-Usage Collection  aMAIN LIBRARY OPEN ACCESSD0.00e733154FCBU-MAIN LIBRARY (Kitwe)H1I50.00jGF 26 RaoM1UAVAILABLEWJun 27, 2006y44805ZMain Library Open Access Collection c62732d62732 00102lcc4070a001b001cMain Library Open Access Collectiond2022-12-16l0oGF 26 Raop44807r2022-12-16w2022-12-16y002 00102lcc4070a001b001cAnnex Low-Usage Collection d2022-12-16l0oGF 26 Raop44803r2022-12-16w2022-12-16y002 00102lcc4070a001b001cMain Library Open Access Collectiond2022-12-16l0oGF 26 Raop44805r2022-12-16w2022-12-16y002